Fundación zoológica de Cali (Registro nro. 3563)

Detalles MARC
000 -CABECERA
Campo de control 00620nam a2200205 a 4500
005 - FECHA Y HORA DE LA ULTIMA TRANSACCION
Campo de control 20160308170042.0
008 - ELEMENTOS DE LONGITUD FIJA—INFORMACION GENERAL
Campo de control 140311b2002 ck ||||| |||| 00| 0 spa d
040 ## - FUENTE DE CATALOGACIÓN
Agencia catalogadora original CO-BoIAVH
Agencia transcriptora CO-BoIAVH
041 0# - IDIOMA
Código de idioma para texto/pista de sonido o título separado Español
044 ## - PAÍS DE PUBLICACIÓN
País de publicación Colombia
082 04 - NUMERO DE CLASIFICACION DECIMAL DEWEY
Número de clasificación 333.95416
Número del ítem F98f
110 2# - ASIENTO PRINCIPAL--NOMBRE CORPORATIVO
Unidad subordinad Fundación Zoológica de Cali
9 (RLIN) 20381
245 1# - MENCION DE TITULO
Título Fundación zoológica de Cali
Parte restante del título 1981-2001 dos décadas de trasformaciones
260 ## - PUBLICACION, DISTRIBUCION, ETC. (PIE DE IMPRENTA)
Lugar de publicación, distribución, etc. Cali
Nombre del editor, distribuidor, etc. La Fundación
Fecha de publicación, distribución, etc. 2002?
300 ## - DESCRIPCION FISICA
Extensión 29 paginas.
Otros detalles físicos ilustraciones;
Dimensiones 28 x 21 cm.
650 #4 - ASIENTO SECUNDARIO DE MATERIA - TERMINO TEMATICO
Término temático o nombre geográfico como elemento de entrada Conservación.
9 (RLIN) 63862
650 #4 - ASIENTO SECUNDARIO DE MATERIA - TERMINO TEMATICO
Término temático o nombre geográfico como elemento de entrada Investigacion.
9 (RLIN) 63863
662 ## - ASIENTO SECUNDARIO DE MATERIA - JERARQUIA DEL NOMBRE DE LUGAR(
País o entidad mayor Colombia
Ciudad Cali
942 ## - ELEMENTOS ADICIONALES (KOHA)
Tipo de ítem Libro
Sistema de clasificación Dewey Decimal Classification
Existencias
Withdrawn status Lost status Sistema de Clasificación Damaged status No para préstamo Colección Ubicación Permanente Ubicación actual Fecha de adquisición Total Checkouts Número topográfico Inventario / Código de Barras Date last seen Ejemplar Price effective from Tipo de material Public note Inventariado Forma de adquisición
    Dewey Decimal Classification     General Bogotá Bogotá 04/03/2004   LB-333.95416 F98f 015490 04/12/2012 Ej. 1 04/12/2012 Libro   Inventariado 2017  
    Dewey Decimal Classification     General Bogotá Bogotá 22/01/2004   LB-333.95416 F98f 015074 04/12/2012 Ej. 2 04/12/2012 Libro   Inventariado 2017  
    Local     General Villa de Leyva Villa de Leyva 22/01/2004   LB-03340 015075 04/12/2012 Ej. 3 04/12/2012 Libro Fundación zoologica de Cali 1981-2001: two decades of transformations